Countries where India is the largest trading partner - Statistics

General Stats
  • This quiz has been taken 24 times
  • The average score is 8 of 16
Answer Stats
County Exports Percentage % Correct
Sri Lanka 22.0%
95%
Nepal 53.1%
91%
Nepal 70.2%
91%
Bhutan 95.3%
86%
Bhutan 89.5%
86%
Afghanistan 56.5%
73%
United Arab Emirates 10.1%
55%
Iraq 21.2%
50%
Mauritius 17.9%
50%
Tanzania 21.8%
23%
Tanzania 16.5%
23%
Mozambique 28.1%
18%
Nigeria 30.6%
14%
Guinea-Bissau 67.1%
9%
Burundi 18.5%
5%
Ghana 23.8%
5%
No matching quizzes found
Score Distribution
Percent of People with Each Score
Percentile by Number Answered
Your Score History
You have not taken this quiz